000 00264nam a2200097Ia 4500
008 230915s9999 xx 000 0 und d
050 _aZ675.I58.1990
100 _aH,THOMAS WALKER
245 0 _aINTO THE CURRICULUM: LESSON PLANS FOR LIBRARY MEDIA SKILLS
942 _cBK
999 _c63360
_d63360